000 00600nam a22002297a 4500
003 DO-SdBNP
005 20171205131019.0
008 171108b 1982||||| |||| 00| 0 spa d
020 _a842390203X
040 _aBPMSU
_bspa
_cBPMSU
082 _axxxxxxxx
_bxxxxxxxx
100 1 _aVirgilio
245 1 _aÉglogas geórgicas /
_cVirgilio
250 _a9a ed.
260 _aEspaña :
_bEspasa-Calpe ;
_c1982.
300 _a152 p. ;
_c18 cm.
490 1 _aAustral
_v203
830 0 _aAustral
_n203
942 _2ddc
_cBK
945 _ainventariado extranjero / DG
956 _aBTAVAREZ
_b10
_c20171108
_d0038
999 _c12792
_d12792